Výskum vplyvu technológie pasivácie na koróznu odolnosť elektrolyticky pocínovaných plechov

Podrobná bibliografia
Hlavní autori: Zárubová, Erika (Author), Billy, Jozef (Author), Titková, Katarína (Author)
Médium: Článok
Jazyk:Slovak
Témy:
Zdroj: 1. Oceľové plechy 1. 0139-7400 1. Roč. 23, č. 2(1996), s. 46-50
LEADER 01048nab#a2200337#ar4500
001 000025613
003 SVKKK
005 00000000000000.0
008 c xo e sloo
FMT
038 |a SVKKK 
040 |a SVKKK  |b slo  |e AACR2 
041 0 |a slo  |b eng 
044 |a xo  |c SK 
080 |a 669.15:669.68  |2 1981 
100 1 |a Zárubová, Erika  |4 aut 
245 1 0 |a Výskum vplyvu technológie pasivácie na koróznu odolnosť elektrolyticky pocínovaných plechov  |c Zárubová Erika, Titková Katarína, Billy Jozef 
300 |b Obr. 11, 
504 |a Res. angl., nem., rus., slov., lit. 2 
650 0 4 |a plechy pocínované elektrolyticky  |x odolnosť korózna  |x technológia pasivácie  |z VSŽ, a.s., Košice  |x výskum  |x štúdie 
700 1 |a Billy, Jozef  |4 aut 
700 1 |a Titková, Katarína  |4 aut 
773 0 |t Oceľové plechy  |x 0139-7400  |g Roč. 23, č. 2(1996), s. 46-50 
957 |a Košice 
958 |a KE 
958 |a RE 
974 |d 971006  |a Šá 
992 |a RBX 
BAS
852 |a SVKKK  |b BIB 
998 |a HUT